00553nam a22001812 4500001001100000005001700011008004100028020001700069040001500086100003300101245007900134250001300213260005000226300001900276650003800295650003500333852000300368000001201620151217152105.0090125s xx 000 0 eng d a1850787131 : aKABUcKABU1 aCarswell, Roger.@000016818214aThe Thinker :bthoughts from the heart of an evangelist /cRoger Carswell. a1st ed. aMilton Keynes, UK. :bAuthentic Media,c2006. axviii, 200 p. 0aEvangelistic sermons.@0000168183 0aSermons, American.@00001681841